[Event "zonal 1.4"]
[Site "Krynica-Zdroj POL"]
[Date "1998.09.07"]
[Round "6"]
[White "Spasov, Vasil"]
[Black "Gdanski, Jacek"]
[Result "1-0"]
[WhiteElo "2595"]
[BlackElo "2540"]
[EventDate "1998.09.02"]
[PlyCount "71"]

1.e4 e5 2.Bc4 Nf6 3.d3 c6 4.Nf3 d5 5.Bb3 Bb4+ 6.Bd2 Bxd2+ 7.Nbxd2 Bg4 8.h3
Bxf3 9.Qxf3 O-O 10.O-O Qa5 11.c3 Nbd7 12.Rfe1 Rfe8 13.Nf1 Rad8 14.exd5 
cxd5 15.Ne3 e4 16.dxe4 dxe4 17.Qf4 Qe5 18.Qxe5 Nxe5 19.Rad1 b5 20.Kf1 Kf8 
21.Bc2 Nd3 22.Bxd3 exd3 23.Nf5 Rxe1+ 24.Kxe1 Ne4 25.f3 Nc5 26.Kd2 a5 27.
Nd4 b4 28.cxb4 axb4 29.Nc6 Re8 30.Re1 Rxe1 31.Kxe1 b3 32.axb3 Nxb3 33.Ne5 
d2+ 34.Ke2 Ke7 35.Nc4 Ke6 36.Nxd2 1-0

[Event "zonal 1.4"]
[Site "Krynica-Zdroj POL"]
[Date "1998.09.07"]
[Round "6"]
[White "Acs, Peter"]
[Black "Babula, Vlastimil"]
[Result "0-1"]
[WhiteElo "2500"]
[BlackElo "2575"]
[EventDate "1998.09.02"]
[PlyCount "78"]

1.e4 c5 2.Nf3 Nc6 3.d4 cxd4 4.Nxd4 Nf6 5.Nc3 e5 6.Ndb5 d6 7.Bg5 a6 8.Na3 
b5 9.Nd5 Be7 10.Bxf6 Bxf6 11.c3 Bb7 12.Nc2 Bg5 13.a4 bxa4 14.Rxa4 Nb8 15.
Bc4 Nd7 16.O-O Nc5 17.Rb4 Ra7 18.Qg4 Bc6 19.h4 Bh6 20.Nce3 g6 21.Rb6 Bb7 
22.b4 Ne6 23.Qf3 O-O 24.Rd1 Nf4 25.Rxb7 Rxb7 26.Bxa6 Ra7 27.Bf1 Qxh4 28.g3
Qg5 29.Nxf4 exf4 30.Rd5 f5 31.Bc4 Kh8 32.Nf1 fxg3 33.fxg3 Rc7 34.Be2 Qc1 
35.exf5 Rxc3 36.Qg4 gxf5 37.Rxf5 Rxf5 38.Qxf5 Rxg3+ 39.Kh2 Rg6 0-1

[Event "zonal 1.4"]
[Site "Krynica-Zdroj POL"]
[Date "1998.09.08"]
[Round "6"]
[White "Marin, Mihail"]
[Black "Kempinski, Robert"]
[Result "1/2-1/2"]
[WhiteElo "2530"]
[BlackElo "2545"]
[EventDate "1998.09.02"]
[PlyCount "100"]

1.c4 Nf6 2.Nf3 g6 3.g3 Bg7 4.Bg2 d5 5.cxd5 Nxd5 6.O-O c5 7.Nc3 Nc6 8.Nxd5 
Qxd5 9.d3 O-O 10.Be3 Bxb2 11.Rb1 Bf6 12.Qa4 Qd6 13.Rfc1 Nd4 14.Nxd4 cxd4 
15.Bh6 Rd8 16.Bxb7 Bxb7 17.Rxb7 a6 18.Rc6 Qe5 19.Rxa6 Rac8 20.Rc6 Qxe2 21.
Rxc8 Rxc8 22.Qd7 Qe6 23.a4 Qxd7 24.Rxd7 Bg7 25.Bd2 Kf8 26.a5 Ke8 27.Rb7 
Rc6 28.Bg5 Bf6 29.Bxf6 Rxf6 30.Rb4 Ra6 31.Ra4 e5 32.f4 exf4 33.gxf4 Ke7 
34.Kf2 Ke6 35.Kf3 f5 36.h4 h6 37.Kg3 Kf6 38.Ra2 Kf7 39.Ra1 Kf6 40.Ra2 Kf7 
41.Kf2 Kf6 42.Ke1 Kf7 43.Kd1 Kf6 44.Ra1 g5 45.hxg5+ hxg5 46.fxg5+ Kxg5 47.
Ke2 Kg4 48.Kf2 f4 49.Rg1+ Kf5 50.Rh1 Kg5 1/2-1/2

[Event "zonal 1.4"]
[Site "Krynica-Zdroj POL"]
[Date "1998.09.07"]
[Round "6"]
[White "Georgiev, Vladimir"]
[Black "Badea, Bela"]
[Result "1-0"]
[WhiteElo "2540"]
[BlackElo "2530"]
[EventDate "1998.09.02"]
[PlyCount "91"]

1.d4 g6 2.c4 Bg7 3.e4 d6 4.Nc3 e5 5.Nf3 Nd7 6.Be2 Ngf6 7.O-O O-O 8.Qc2 c6 
9.Rd1 Qe7 10.d5 a5 11.Na4 h6 12.a3 c5 13.g3 Nh7 14.Rb1 f5 15.Nh4 Qf6 16.
exf5 gxf5 17.f4 Ra6 18.Kg2 exf4 19.Bxf4 Ng5 20.Rf1 Ne5 21.Nc3 Bd7 22.Rbe1 
Ng6 23.Nxg6 Qxg6 24.Bd3 Rf7 25.h4 Ne4 26.h5 Qxh5 27.Rh1 Qg6 28.Nxe4 fxe4 
29.Bxe4 Qf6 30.Bg6 Rf8 31.Bh7+ Kh8 32.Ref1 Bf5 33.Qxf5 Qxf5 34.Bxf5 Rxf5 
35.g4 Rf7 36.g5 Rb6 37.gxh6 Rxb2+ 38.Kh3 Bd4 39.Bxd6 Rd7 40.Bf4 Rb3+ 41.
Kg4 Rxa3 42.Re1 Kh7 43.d6 Bf6 44.Re6 Rf7 45.Rhe1 Bd8 46.Re7 1-0

[Event "zonal 1.4"]
[Site "Krynica-Zdroj POL"]
[Date "1998.09.07"]
[Round "6"]
[White "Kaminski, Marcin"]
[Black "Horvath, Csaba"]
[Result "0-1"]
[WhiteElo "2530"]
[BlackElo "2540"]
[EventDate "1998.09.02"]
[PlyCount "115"]

1.e4 d5 2.exd5 Qxd5 3.Nc3 Qa5 4.g3 Nf6 5.Bg2 g6 6.Nf3 Bg7 7.O-O O-O 8.d4 
Nc6 9.d5 Nb4 10.Nd4 Bg4 11.Qe1 Rad8 12.Bf4 Qb6 13.d6 exd6 14.a3 Nbd5 15.
Nxd5 Nxd5 16.Bxd5 Qxd4 17.Bxb7 Bh3 18.Bg2 Bxg2 19.Kxg2 Qxb2 20.Qe4 Rfe8 
21.Qf3 Qc3 22.Rab1 Qxf3+ 23.Kxf3 Bd4 24.Rfd1 Bc5 25.a4 Rb8 26.Re1 Rxb1 27.
Rxe8+ Kg7 28.Rc8 Bb6 29.Be3 Rb4 30.a5 Bxa5 31.Bd2 Ra4 32.Bxa5 Rxa5 33.Rxc7
Kf6 34.h4 h6 35.Ke4 Re5+ 36.Kd3 a5 37.Ra7 g5 38.hxg5+ hxg5 39.f3 Rb5 40.c4
Rb3+ 41.Ke4 Ra3 42.Ra6 Ke6 43.c5 f5+ 44.Kd4 Rxf3 45.Rxd6+ Ke7 46.Ra6 Rxg3 
47.Ke5 f4 48.Rxa5 Kd7 49.Kd5 Rd3+ 50.Kc4 Rg3 51.Kd5 Kc7 52.Ra7+ Kb8 53.Rf7
Rd3+ 54.Ke4 Re3+ 55.Kd4 Rb3 56.Rg7 Rg3 57.c6 g4 58.Ke5 0-1

[Event "zonal 1.4"]
[Site "Krynica-Zdroj POL"]
[Date "1998.09.07"]
[Round "6"]
[White "Markowski, Tomasz"]
[Black "Nevednichy, Vladislav"]
[Result "1-0"]
[WhiteElo "2525"]
[BlackElo "2545"]
[EventDate "1998.09.02"]
[PlyCount "99"]

1.Nf3 g6 2.d4 Bg7 3.c4 Nf6 4.Nc3 O-O 5.Bg5 d6 6.e3 Nbd7 7.Be2 e5 8.O-O Re8
9.Bh4 h6 10.Qc2 exd4 11.Nxd4 Nc5 12.b4 Ne6 13.Rad1 Nxd4 14.Rxd4 Be6 15.
Rfd1 Qc8 16.e4 Nd7 17.R4d2 Ne5 18.Nd5 g5 19.Bg3 a5 20.a3 axb4 21.axb4 Bxd5
22.Rxd5 Nc6 23.Qd2 Rxe4 24.Bd3 Rd4 25.f4 gxf4 26.Bxf4 Qg4 27.Rf1 Rxd5 28.
cxd5 Ne5 29.Bb1 Ra1 30.Qf2 Rxb1 31.Rxb1 Nd3 32.Qg3 Qg6 33.Qxg6 fxg6 34.Be3
b5 35.Kf1 g5 36.Ke2 Ne5 37.Ra1 Ng4 38.Ra8+ Kf7 39.Ra7 Be5 40.Rxc7+ Kg6 41.
h3 Nf6 42.Rb7 Nxd5 43.Bd2 Kf5 44.Rxb5 Ke4 45.Rb8 Nf6 46.Rh8 g4 47.Rxh6 
gxh3 48.Rxh3 d5 49.Rh4+ Kf5 50.Kd3 1-0

[Event "zonal 1.4"]
[Site "Krynica-Zdroj POL"]
[Date "1998.09.07"]
[Round "6"]
[White "Blatny, Pavel"]
[Black "Chatalbashev, Boris"]
[Result "0-1"]
[WhiteElo "2520"]
[BlackElo "2535"]
[EventDate "1998.09.02"]
[PlyCount "78"]

1.Nf3 g6 2.e4 c5 3.c3 Bg7 4.d4 Qa5 5.dxc5 Qxc5 6.Be3 Qc7 7.h3 d6 8.Qc1 Nd7
9.Nfd2 Ngf6 10.c4 d5 11.Nc3 dxe4 12.Be2 Nc5 13.O-O Bf5 14.g4 Bd7 15.Re1 h6
16.Nb5 Bxb5 17.cxb5 Rc8 18.Qc4 O-O 19.Rac1 Qd7 20.Bxc5 Qxd2 21.Qb4 Rfd8 
22.Bc4 e3 23.fxe3 Rxc5 24.Qxc5 Ne4 25.Bxf7+ Kxf7 26.Qc4+ Qd5 27.Rf1+ Bf6 
28.a4 Qxc4 29.Rxc4 Nd2 30.Rd1 Nf3+ 31.Kf2 Rxd1 32.Kxf3 Bxb2 33.Rc7 Ra1 34.
Rxb7 Rxa4 35.b6 axb6 36.Rxb6 Bf6 37.Rb3 Rc4 38.Ra3 Rc2 39.Ra5 Bh4 0-1

[Event "zonal 1.4"]
[Site "Krynica-Zdroj POL"]
[Date "1998.09.07"]
[Round "6"]
[White "Groszpeter, Attila"]
[Black "Vokac, Marek"]
[Result "0-1"]
[WhiteElo "2505"]
[BlackElo "2525"]
[EventDate "1998.09.02"]
[PlyCount "60"]

1.e4 c5 2.Nf3 Nc6 3.d4 cxd4 4.Nxd4 Qb6 5.Nb3 Nf6 6.Nc3 e6 7.Bd3 a6 8.O-O 
Be7 9.Kh1 O-O 10.f4 d6 11.Qf3 Qc7 12.Bd2 b5 13.Rae1 Bb7 14.Qh3 b4 15.Nd1 
d5 16.exd5 exd5 17.Ne3 g6 18.Ng4 Nxg4 19.Qxg4 f5 20.Qe2 Bh4 21.g3 Bf6 22.
Nc5 Nd4 23.Qe3 Qxc5 24.c3 Rae8 25.Qxe8 Rxe8 26.Rxe8+ Kf7 27.cxd4 Qxd4 28.
Re3 Qxb2 29.Re2 Qa3 30.Rc1 Bd8 0-1

[Event "zonal 1.4"]
[Site "Krynica-Zdroj POL"]
[Date "1998.09.07"]
[Round "6"]
[White "Jansa, Vlastimil"]
[Black "Mrva, Martin"]
[Result "1-0"]
[WhiteElo "2490"]
[BlackElo "2445"]
[EventDate "1998.09.02"]
[PlyCount "79"]

1.e4 c5 2.Nf3 d6 3.d4 cxd4 4.Nxd4 Nf6 5.Nc3 g6 6.Be3 Bg7 7.f3 O-O 8.Qd2 
Nc6 9.O-O-O Nxd4 10.Bxd4 Be6 11.Kb1 a6 12.g4 b5 13.h4 b4 14.Nd5 Bxd5 15.
exd5 Qa5 16.Bc4 Rfc8 17.Qe2 Qc7 18.Bb3 a5 19.Ba4 Nxd5 20.Bxg7 Nb6 21.Bd4 
Nxa4 22.f4 Rab8 23.h5 g5 24.Rhe1 Rb7 25.fxg5 Qc4 26.Qxc4 Rxc4 27.b3 Nc3+ 
28.Bxc3 Rxc3 29.Rxd6 h6 30.Rxh6 Rbc7 31.Re2 Rg3 32.Ra6 Rc5 33.g6 Rxg4 34.
Ra8+ Kg7 35.h6+ Kxg6 36.Rg8+ Kf5 37.h7 Rh4 38.h8=Q Rxh8 39.Rxh8 e5 40.Rf2+
1-0

[Event "zonal 1.4"]
[Site "Krynica-Zdroj POL"]
[Date "1998.09.07"]
[Round "6"]
[White "Todorov, Todor"]
[Black "Balogh, Tomas"]
[Result "1-0"]
[WhiteElo "2420"]
[BlackElo "2425"]
[EventDate "1998.09.02"]
[PlyCount "53"]

1.e4 e5 2.Nf3 Nf6 3.Nc3 Nc6 4.d4 exd4 5.Nxd4 Bb4 6.Nxc6 bxc6 7.Bd3 d5 8.
exd5 cxd5 9.O-O O-O 10.Bg5 c6 11.Qf3 Bd6 12.h3 h6 13.Bf4 Rb8 14.b3 Rb4 15.
Bd2 Rh4 16.Rfe1 Ng4 17.Bf4 Nxf2 18.Bxd6 Nxd3 19.Be7 Nxe1 20.Rxe1 Qb6+ 21.
Kh1 Qd4 22.Qg3 Rf4 23.Bd6 Rh4 24.Bxf8 Kxf8 25.Qd6+ Kg8 26.Qd8+ Kh7 27.Qxc8
1-0

[Event "zonal 1.4"]
[Site "Krynica-Zdroj POL"]
[Date "1998.09.08"]
[Round "7"]
[White "Nisipeanu, Liviu-Dieter"]
[Black "Almasi, Zoltan"]
[Result "1/2-1/2"]
[WhiteElo "2575"]
[BlackElo "2650"]
[EventDate "1998.09.02"]
[PlyCount "34"]

1.e4 e5 2.Nf3 Nc6 3.Bb5 a6 4.Ba4 Nf6 5.O-O Be7 6.Re1 b5 7.Bb3 O-O 8.a4 Bb7
9.c3 d5 10.d4 dxe4 11.Nxe5 Nxe5 12.dxe5 Nd7 13.e6 Nc5 14.exf7+ Kh8 15.Bc2 
bxa4 16.Qh5 Bd5 17.Nd2 Bxf7 1/2-1/2

[Event "zonal 1.4"]
[Site "Krynica-Zdroj POL"]
[Date "1998.09.08"]
[Round "7"]
[White "Ftacnik, Lubomir"]
[Black "Spasov, Vasil"]
[Result "1-0"]
[WhiteElo "2585"]
[BlackElo "2595"]
[EventDate "1998.09.02"]
[PlyCount "87"]

1.d4 Nf6 2.Nf3 g6 3.c4 Bg7 4.Nc3 O-O 5.e4 d6 6.Be2 e5 7.O-O Nc6 8.d5 Ne7 
9.Nd2 a5 10.Rb1 Bd7 11.b3 Nc8 12.Re1 Nb6 13.Nf1 h5 14.Bg5 Qe8 15.Qc2 Nh7 
16.Be3 f5 17.Nb5 f4 18.Bxb6 cxb6 19.Nc7 Qe7 20.Nxa8 Rxa8 21.b4 a4 22.c5 
Rc8 23.c6 bxc6 24.dxc6 Bxc6 25.Ba6 Bb7 26.Qxa4 Bxa6 27.Qxa6 Rf8 28.f3 g5 
29.Rec1 g4 30.Rc8 Ng5 31.Nd2 b5 32.Rbc1 Ne6 33.Qxb5 Nd4 34.Qc4+ Kh7 35.
Rxf8 Bxf8 36.Nb3 Ne6 37.Kh1 Bg7 38.b5 Ng5 39.Qc7 Qe8 40.b6 gxf3 41.gxf3 
Qb5 42.b7 Qe2 43.Qc2 Qb5 44.Qg2 1-0

[Event "zonal 1.4"]
[Site "Krynica-Zdroj POL"]
[Date "1998.09.08"]
[Round "7"]
[White "Hracek, Zbynek"]
[Black "Georgiev, Vladimir"]
[Result "1-0"]
[WhiteElo "2615"]
[BlackElo "2540"]
[EventDate "1998.09.02"]
[PlyCount "85"]

1.e4 c5 2.Nf3 Nc6 3.c3 d5 4.exd5 Qxd5 5.d4 Bg4 6.Be2 cxd4 7.cxd4 e6 8.Nc3 
Qa5 9.h3 Bh5 10.d5 exd5 11.Nd4 Nxd4 12.Bxh5 Ne6 13.O-O Nf6 14.Re1 g6 15.
Bg4 Nxg4 16.Qxg4 Be7 17.Bh6 d4 18.Ne2 Qf5 19.Qxf5 gxf5 20.Ng3 Rd8 21.Nxf5 
Rd5 22.g4 Bb4 23.Red1 Kd7 24.Rd3 Bc5 25.Rad1 Rd8 26.Kf1 b5 27.Rf3 Kc6 28.
Ng3 R8d7 29.Nh5 Re5 30.Bf4 Nxf4 31.Nxf4 Rg5 32.Nd3 Bd6 33.Rf6 Kd5 34.f4 
Rg6 35.Rf5+ Kc4 36.Ke2 Re6+ 37.Kd2 Bb4+ 38.Kc1 Rc7 39.Kb1 f6 40.h4 Ba5 41.
b3+ Kc3 42.Rxb5 Bb6 43.Nb2 1-0

[Event "zonal 1.4"]
[Site "Krynica-Zdroj POL"]
[Date "1998.09.08"]
[Round "7"]
[White "Gdanski, Jacek"]
[Black "Nevednichy, Vladislav"]
[Result "1/2-1/2"]
[WhiteElo "2540"]
[BlackElo "2545"]
[EventDate "1998.09.02"]
[PlyCount "52"]

1.e4 c5 2.Nf3 d6 3.d4 cxd4 4.Nxd4 Nf6 5.Nc3 Nc6 6.Bc4 Bd7 7.Be3 Ng4 8.Nxc6
bxc6 9.Bf4 e5 10.Bg3 Be7 11.Qe2 O-O 12.O-O h5 13.f3 h4 14.Bxh4 Bxh4 15.
fxg4 Qb6+ 16.Kh1 Qxb2 17.Qd3 Bxg4 18.Bb3 Qa3 19.Nd1 Qc5 20.Ne3 Be6 21.Nf5 
Bxf5 22.Rxf5 g6 23.Rf3 Kg7 24.Raf1 f6 25.g3 Bg5 26.h4 Bh6 1/2-1/2

[Event "zonal 1.4"]
[Site "Krynica-Zdroj POL"]
[Date "1998.09.08"]
[Round "7"]
[White "Horvath, Csaba"]
[Black "Kempinski, Robert"]
[Result "0-1"]
[WhiteElo "2540"]
[BlackElo "2545"]
[EventDate "1998.09.02"]
[PlyCount "106"]

1.d4 Nf6 2.c4 g6 3.Nc3 Bg7 4.e4 O-O 5.Be2 d6 6.Bg5 Na6 7.Qd2 c6 8.f3 Nc7 
9.O-O-O Ne6 10.Be3 Qa5 11.Bd3 c5 12.Nge2 a6 13.Kb1 Re8 14.a3 b5 15.cxb5 
Rb8 16.dxc5 dxc5 17.Nd5 Qxd2 18.Nxf6+ Bxf6 19.Bxd2 axb5 20.f4 Bb7 21.e5 
Bg7 22.Rhg1 Red8 23.Bc2 f6 24.exf6 Bxf6 25.Be3 Rxd1+ 26.Rxd1 Kf7 27.f5 
gxf5 28.Bxf5 Nd4 29.Bg4 e5 30.Bh5+ Ke7 31.b4 Be4+ 32.Kb2 Bxg2 33.bxc5 Nf5 
34.Bd2 Ng7 35.Bg4 h5 36.Rg1 Bc6 37.Bh3 Rd8 38.Kc1 h4 39.Bg2 Bxg2 40.Rxg2 
Ne6 41.Bb4 Kf7 42.Nc3 Be7 43.Ne4 Rd4 44.Nc3 Nf4 45.Rd2 Nd3+ 46.Kd1 Bg5 47.
Nxb5 Bxd2 48.Kxd2 Rd5 49.Kc3 Nxb4 50.axb4 Ke7 51.Nd6 Kd7 52.Nf5 e4 53.c6+ 
Kc7 0-1

[Event "zonal 1.4"]
[Site "Krynica-Zdroj POL"]
[Date "1998.09.08"]
[Round "7"]
[White "Babula, Vlastimil"]
[Black "Macieja, Bartlomiej"]
[Result "1/2-1/2"]
[WhiteElo "2575"]
[BlackElo "2490"]
[EventDate "1998.09.02"]
[PlyCount "27"]

1.d4 Nf6 2.c4 e6 3.Nc3 Bb4 4.e3 c5 5.Ne2 cxd4 6.exd4 O-O 7.a3 Be7 8.Nf4 d5
9.cxd5 Nxd5 10.Ncxd5 exd5 11.Bd3 Nc6 12.O-O Bf6 13.Be3 g6 14.Re1 1/2-1/2

[Event "zonal 1.4"]
[Site "Krynica-Zdroj POL"]
[Date "1998.09.08"]
[Round "7"]
[White "Badea, Bela"]
[Black "Chatalbashev, Boris"]
[Result "1-0"]
[WhiteElo "2530"]
[BlackElo "2535"]
[EventDate "1998.09.02"]
[PlyCount "69"]

1.Nf3 g6 2.d4 Nf6 3.g3 c5 4.Bg2 cxd4 5.Nxd4 Nc6 6.c4 Bg7 7.O-O O-O 8.Nc2 
d6 9.Nc3 Be6 10.Ne3 Qd7 11.Re1 Bh3 12.Bh1 Rac8 13.Bd2 h5 14.Ng2 Be6 15.Ne3
h4 16.Rc1 Ne5 17.b3 Nh5 18.Ned5 Bh3 19.Nf4 Nxf4 20.Bxf4 b6 21.Nd5 Rfe8 22.
Qd2 hxg3 23.hxg3 Qf5 24.Bg5 f6 25.Bf4 Qh5 26.Rcd1 Kf7 27.Bxe5 dxe5 28.Bf3 
Qh6 29.Qxh6 Bxh6 30.Nb4 Bf5 31.g4 a5 32.Nd5 Bc2 33.Rc1 Bd2 34.Rf1 Bxc1 35.
Rxc1 1-0

[Event "zonal 1.4"]
[Site "Krynica-Zdroj POL"]
[Date "1998.09.08"]
[Round "7"]
[White "Acs, Peter"]
[Black "Markowski, Tomasz"]
[Result "1/2-1/2"]
[WhiteElo "2500"]
[BlackElo "2525"]
[EventDate "1998.09.02"]
[PlyCount "74"]

1.e4 c5 2.Nf3 g6 3.d4 Bg7 4.dxc5 Qa5+ 5.Bd2 Qxc5 6.Nc3 Nf6 7.Bd3 O-O 8.O-O
Nc6 9.h3 d6 10.Rb1 Bd7 11.a3 Ne5 12.Nxe5 Qxe5 13.Qe2 Qh5 14.Qxh5 Nxh5 15.
Bg5 Bf6 16.Bxf6 Nxf6 17.Rfe1 Rfc8 18.e5 dxe5 19.Rxe5 e6 20.Rd1 Bc6 21.Bb5 
Kf8 22.Bxc6 Rxc6 23.Kf1 Rac8 24.Rd4 Ke7 25.Ke1 Nd7 26.Re2 Nb6 27.Nb5 Rxc2 
28.Nxa7 Rxe2+ 29.Kxe2 Rc2+ 30.Rd2 Rc5 31.Rd3 Nc4 32.b4 Re5+ 33.Kf3 Nd6 34.
a4 g5 35.a5 Rf5+ 36.Ke2 Rf4 37.b5 Re4+ 1/2-1/2

[Event "zonal 1.4"]
[Site "Krynica-Zdroj POL"]
[Date "1998.09.08"]
[Round "7"]
[White "Jansa, Vlastimil"]
[Black "Kaminski, Marcin"]
[Result "1/2-1/2"]
[WhiteElo "2490"]
[BlackElo "2530"]
[EventDate "1998.09.02"]
[PlyCount "21"]

1.e4 e6 2.d4 d5 3.Nd2 c5 4.Ngf3 Nf6 5.exd5 exd5 6.Bb5+ Bd7 7.Bxd7+ Nbxd7 
8.O-O Be7 9.dxc5 Nxc5 10.Nd4 Qd7 11.N2f3 1/2-1/2

[Event "zonal 1.4"]
[Site "Krynica-Zdroj POL"]
[Date "1998.09.08"]
[Round "7"]
[White "Stefanova, Antoaneta"]
[Black "Marin, Mihail"]
[Result "1/2-1/2"]
[WhiteElo "2475"]
[BlackElo "2530"]
[EventDate "1998.09.02"]
[PlyCount "77"]

1.d4 Nf6 2.Nf3 e6 3.Bg5 h6 4.Bh4 d6 5.h3 Nbd7 6.Nbd2 Be7 7.e3 b6 8.Bd3 Bb7
9.Qe2 c5 10.c3 cxd4 11.cxd4 Nd5 12.Ne4 N7f6 13.Bb5+ Kf8 14.Nxf6 Nxf6 15.
O-O Ne4 16.Bxe7+ Kxe7 17.Rac1 Rc8 18.Qd3 Rc7 19.Qa3 Qb8 20.Ne5 Rhc8 21.
Rxc7+ Qxc7 22.Nd3 a5 23.Ne5 f6 24.Ng6+ Kf7 25.Nf4 g5 26.Ne2 d5 27.Bd3 Qd6 
28.Qa4 Nd2 29.Rc1 Rxc1+ 30.Nxc1 Ne4 31.Qd1 Kg7 32.a3 Qc7 33.Na2 Nd6 34.Nc3
Bc6 35.Qe2 Be8 36.Qg4 Qe7 37.Qe2 Qc7 38.Qg4 Qe7 39.Qe2 1/2-1/2

[Event "zonal 1.4"]
[Site "Krynica-Zdroj POL"]
[Date "1998.09.08"]
[Round "7"]
[White "Vokac, Marek"]
[Black "Todorov, Todor"]
[Result "1/2-1/2"]
[WhiteElo "2525"]
[BlackElo "2420"]
[EventDate "1998.09.02"]
[PlyCount "119"]

1.d4 Nf6 2.Nf3 g6 3.c4 Bg7 4.Nc3 d6 5.e4 O-O 6.Be2 e5 7.O-O Nc6 8.d5 Ne7 
9.Ne1 Ne8 10.Nd3 f5 11.exf5 Nxf5 12.f3 Qh4 13.Ne4 Bh6 14.g3 Qe7 15.Bxh6 
Nxh6 16.g4 Nf6 17.Nxf6+ Qxf6 18.Nf2 Qh4 19.c5 Nf7 20.Rc1 Ng5 21.cxd6 cxd6 
22.Rc7 Rf7 23.Rxf7 Nxf7 24.Qb3 b6 25.Rc1 Bd7 26.Rc7 Qd8 27.Rc3 b5 28.Ne4 
Ng5 29.Nf2 Qb6 30.Kg2 b4 31.Rc1 e4 32.f4 Rf8 33.Qg3 e3 34.Nd1 Ne4 35.Qxe3 
Qxe3 36.Nxe3 Rxf4 37.Bf3 Ng5 38.Bd1 Bb5 39.Rc7 a6 40.h4 Ne4 41.Rc8+ Kg7 
42.Rc7+ Kf8 43.Rc8+ Ke7 44.Rc7+ Kf8 45.Rc8+ Ke7 46.Rc7+ Kd8 47.Rxh7 Rf2+ 
48.Kg1 Bd3 49.g5 Rxb2 50.Bg4 Rxa2 51.Rd7+ Ke8 52.Rc7 Bb5 53.Rc8+ Ke7 54.
Rc7+ Kf8 55.Rc8+ Ke7 56.Rc7+ Kd8 57.Rc8+ Ke7 58.Rc7+ Kd8 59.Rc8+ Ke7 60.
Rc7+ 1/2-1/2

[Event "zonal 1.4"]
[Site "Krynica-Zdroj POL"]
[Date "1998.09.09"]
[Round "8"]
[White "Spasov, Vasil"]
[Black "Markowski, Tomasz"]
[Result "1/2-1/2"]
[WhiteElo "2595"]
[BlackElo "2525"]
[EventDate "1998.09.02"]
[PlyCount "24"]

1.e4 c5 2.Nf3 g6 3.c3 Bg7 4.d4 cxd4 5.cxd4 d5 6.e5 Bg4 7.Nbd2 Nc6 8.h3 Bf5
9.Be2 Qb6 10.Nb3 Nb4 11.O-O Nc2 12.Rb1 Nb4 1/2-1/2

[Event "zonal 1.4"]
[Site "Krynica-Zdroj POL"]
[Date "1998.09.09"]
[Round "8"]
[White "Kempinski, Robert"]
[Black "Gdanski, Jacek"]
[Result "1-0"]
[WhiteElo "2545"]
[BlackElo "2540"]
[EventDate "1998.09.02"]
[PlyCount "71"]

1.d4 d5 2.c4 c6 3.Nc3 e6 4.e3 Bd6 5.Qc2 Nf6 6.Nf3 O-O 7.Bd2 Nbd7 8.Bd3 
dxc4 9.Bxc4 b5 10.Be2 Bb7 11.g4 b4 12.Na4 c5 13.Nxc5 Bxc5 14.dxc5 Ne5 15.
Nxe5 Bxh1 16.Bxb4 Qc7 17.Nd3 Nd5 18.Ba3 Qxh2 19.O-O-O Be4 20.Rf1 f5 21.Qd2
Rad8 22.c6 Rf7 23.Nc5 Bg2 24.Rd1 Rc8 25.gxf5 Rxf5 26.Bg4 Qe5 27.Bxf5 Qxf5 
28.Rg1 Bf3 29.Qd4 g6 30.e4 Qf4+ 31.Kb1 Rxc6 32.Ka1 Kf7 33.Nd3 Qh2 34.Rb1 
Ne7 35.Ne5+ Kf8 36.Nxc6 1-0

[Event "zonal 1.4"]
[Site "Krynica-Zdroj POL"]
[Date "1998.09.09"]
[Round "8"]
[White "Macieja, Bartlomiej"]
[Black "Ftacnik, Lubomir"]
[Result "1-0"]
[WhiteElo "2490"]
[BlackElo "2585"]
[EventDate "1998.09.02"]
[PlyCount "73"]

1.e4 c5 2.Nc3 d6 3.f4 g6 4.Nf3 Bg7 5.Bc4 Nc6 6.O-O e6 7.d3 Nge7 8.Qe1 O-O 
9.f5 d5 10.Bb3 c4 11.dxc4 d4 12.f6 Bxf6 13.e5 Bxe5 14.Nxe5 dxc3 15.Qxc3 
Nxe5 16.Qxe5 Nf5 17.c3 f6 18.Qe4 Qb6+ 19.Rf2 Kg7 20.g4 Nd6 21.Qe3 Qc6 22.
g5 f5 23.Qe5+ Kg8 24.Be3 Nf7 25.Qb5 Qe4 26.Bd2 Qh4 27.Rg2 Rd8 28.c5 f4 29.
c6 bxc6 30.Qc5 Rb8 31.Qe7 Rb5 32.Rf1 Rxd2 33.Qe8+ Kg7 34.Rxd2 Rxg5+ 35.Kh1
Qh3 36.Rxf4 Rf5 37.Rdf2 1-0

[Event "zonal 1.4"]
[Site "Krynica-Zdroj POL"]
[Date "1998.09.09"]
[Round "8"]
[White "Marin, Mihail"]
[Black "Badea, Bela"]
[Result "1/2-1/2"]
[WhiteElo "2530"]
[BlackElo "2530"]
[EventDate "1998.09.02"]
[PlyCount "52"]

1.c4 g6 2.d4 Bg7 3.Nf3 d6 4.g3 c5 5.Bg2 Nc6 6.dxc5 Qa5+ 7.Nbd2 Qxc5 8.O-O 
Nf6 9.Ne1 O-O 10.Nd3 Qa5 11.a3 Qb6 12.Rb1 Bf5 13.b4 Ne5 14.Rb3 Nfd7 15.c5 
Qc7 16.cxd6 exd6 17.Ne4 Be6 18.Rb1 Nxd3 19.Qxd3 d5 20.Nc5 Bf5 21.e4 dxe4 
22.Bxe4 Ne5 23.Qe2 Bh3 24.Re1 Rae8 25.Bf4 b6 26.Nd3 Qd7 1/2-1/2

[Event "zonal 1.4"]
[Site "Krynica-Zdroj POL"]
[Date "1998.09.09"]
[Round "8"]
[White "Istratescu, Andrei"]
[Black "Acs, Peter"]
[Result "1/2-1/2"]
[WhiteElo "2540"]
[BlackElo "2500"]
[EventDate "1998.09.02"]
[PlyCount "88"]

1.g3 d5 2.Bg2 Nf6 3.Nf3 c6 4.O-O Bg4 5.d3 Nbd7 6.Nbd2 e5 7.h3 Bh5 8.e4 
dxe4 9.dxe4 Be7 10.Qe2 O-O 11.a4 a5 12.b3 Qc7 13.Bb2 Rfe8 14.Rfd1 Bc5 15.
Nf1 Nf8 16.g4 Bg6 17.Ng3 N6d7 18.h4 f6 19.g5 Bf7 20.h5 Ne6 21.gxf6 gxf6 
22.Nh4 Kh8 23.Qf3 Nf4 24.Nhf5 Be6 25.Kh1 Rad8 26.h6 Nf8 27.Nh5 Nxh5 28.
Qxh5 Rxd1+ 29.Rxd1 Rd8 30.f4 Qf7 31.Bf3 Qxh5+ 32.Bxh5 Rxd1+ 33.Bxd1 Ng6 
34.fxe5 Nxe5 35.Nd4 Bd7 36.Kg2 Kg8 37.Nf5 Bxf5 38.exf5 Be3 39.Bc3 b6 40.
Bf3 c5 41.Bd5+ Kf8 42.Bxe5 fxe5 43.f6 Bxh6 44.Be4 Bg5 1/2-1/2

[Event "zonal 1.4"]
[Site "Krynica-Zdroj POL"]
[Date "1998.09.09"]
[Round "8"]
[White "Groszpeter, Attila"]
[Black "Blatny, Pavel"]
[Result "1-0"]
[WhiteElo "2505"]
[BlackElo "2520"]
[EventDate "1998.09.02"]
[PlyCount "67"]

1.e4 e5 2.Nf3 Nc6 3.Bb5 a6 4.Ba4 Nf6 5.O-O Be7 6.Re1 b5 7.Bb3 O-O 8.c3 d5 
9.exd5 Nxd5 10.Nxe5 Nxe5 11.Rxe5 c6 12.Bxd5 cxd5 13.d4 Bd6 14.Re3 Qh4 15.
h3 Qf4 16.Re5 Qf6 17.Re1 Qg6 18.Qf3 Bf5 19.Be3 Rae8 20.Nd2 Re4 21.Nxe4 
dxe4 22.Qe2 Bxh3 23.f4 Bg4 24.Qf2 Qh5 25.a4 f5 26.axb5 axb5 27.Ra6 Rf6 28.
Ra8+ Kf7 29.b4 Kg6 30.d5 Kh6 31.Ra6 Bf3 32.Qg3 Bxg2 33.Rea1 Rg6 34.Qg5+ 
1-0

[Event "zonal 1.4"]
[Site "Krynica-Zdroj POL"]
[Date "1998.09.09"]
[Round "8"]
[White "Balogh, Tomas"]
[Black "Vokac, Marek"]
[Result "1-0"]
[WhiteElo "2425"]
[BlackElo "2525"]
[EventDate "1998.09.02"]
[PlyCount "119"]

1.d4 g6 2.c4 Bg7 3.e4 d6 4.Nc3 Nf6 5.f3 O-O 6.Be3 b6 7.Qd2 c5 8.Nge2 Nc6 
9.d5 Ne5 10.Ng3 e6 11.Be2 exd5 12.cxd5 a6 13.a4 h5 14.O-O h4 15.Nh1 Nh7 
16.Nf2 g5 17.g3 Ng6 18.Kh1 hxg3 19.hxg3 Ra7 20.Kg2 Be5 21.Rh1 f6 22.Rag1 
Rg7 23.Kf1 Qe8 24.a5 b5 25.f4 Bxc3 26.Qxc3 b4 27.Qc2 f5 28.e5 dxe5 29.Bxc5
exf4 30.Bxb4 f3 31.Bxf3 Qb5+ 32.Nd3 Re8 33.Be2 Nf6 34.Bc5 Bd7 35.Bd4 Nxd5 
36.Qd2 Qa4 37.Nc5 Rxe2 38.Kxe2 Re7+ 39.Kf2 Qc4 40.Re1 Bc6 41.b3 Qb4 42.
Rh8+ Kf7 43.Rh7+ Kf8 44.Qxb4 Nxb4 45.Rhxe7 Nxe7 46.Bf6 Ned5 47.Bxg5 Kf7 
48.Re5 Kg6 49.Bd2 Bb5 50.Kf3 Kf6 51.Re6+ Kf7 52.Bxb4 Nxb4 53.Rd6 Ke7 54.
Rh6 Nc6 55.Kf4 Nxa5 56.Kxf5 Nc6 57.Rh7+ Ke8 58.Kf6 Kd8 59.g4 Nb4 60.Nb7+ 
1-0

[Event "zonal 1.4"]
[Site "Krynica-Zdroj POL"]
[Date "1998.09.09"]
[Round "8"]
[White "Todorov, Todor"]
[Black "Mrva, Martin"]
[Result "1-0"]
[WhiteElo "2420"]
[BlackElo "2445"]
[EventDate "1998.09.02"]
[PlyCount "79"]

1.e4 c5 2.Nf3 a6 3.c3 d5 4.exd5 Nf6 5.c4 e6 6.dxe6 Bxe6 7.d4 cxd4 8.Nxd4 
Bc5 9.Be3 Ng4 10.Nxe6 Qxd1+ 11.Kxd1 Bxe3 12.fxe3 fxe6 13.Ke2 O-O 14.Nd2 
Nd7 15.h3 Nf2 16.Rh2 Nc5 17.g4 Rad8 18.b4 Ncd3 19.Rb1 b6 20.Bg2 Nxg4 21.
Be4 Nge5 22.a3 Rf7 23.Nb3 Rfd7 24.Nd4 Nf4+ 25.Ke1 Nxc4 26.Nc6 Rf8 27.exf4 
Rxf4 28.Re2 Rdf7 29.Bg2 h5 30.Nd8 Rd7 31.Nxe6 Rh4 32.Rd1 Rxd1+ 33.Kxd1 
Nxa3 34.Ng5 Kf8 35.Bc6 g6 36.Ra2 Nc4 37.Rxa6 Ne5 38.Be4 Kg7 39.Rxb6 Rf4 
40.Ne6+ 1-0

[Event "zonal 1.4"]
[Site "Krynica-Zdroj POL"]
[Date "1998.09.10"]
[Round "9"]
[White "Hracek, Zbynek"]
[Black "Nisipeanu, Liviu-Dieter"]
[Result "1/2-1/2"]
[WhiteElo "2615"]
[BlackElo "2575"]
[EventDate "1998.09.02"]
[PlyCount "129"]

1.e4 c6 2.d4 d5 3.Nd2 dxe4 4.Nxe4 Bf5 5.Ng3 Bg6 6.h4 h6 7.Nf3 Nd7 8.h5 Bh7
9.Bd3 Bxd3 10.Qxd3 e6 11.Bd2 Ngf6 12.O-O-O Qc7 13.Ne4 O-O-O 14.g3 Nxe4 15.
Qxe4 Bd6 16.Rhe1 Nf6 17.Qh4 c5 18.Kb1 cxd4 19.Nxd4 Qc4 20.b3 Qd5 21.Be3 
Bc7 22.Rh1 Qe4 23.Qxe4 Nxe4 24.Kb2 Be5 25.c3 a6 26.g4 Rd7 27.f3 Nf6 28.Ne2
Rhd8 29.Rxd7 Rxd7 30.Kc2 Nd5 31.Bd2 b5 32.f4 Bd6 33.g5 Ne7 34.Nd4 Bc5 35.
Nf3 Nf5 36.Ne5 Rc7 37.Rh3 Bd6 38.Nd3 Kd7 39.Nf2 Ke8 40.Ne4 Be7 41.Kd3 Rd7+
42.Ke2 Rd5 43.Rh1 hxg5 44.fxg5 Re5 45.Kf3 Rxe4 46.Kxe4 Ng3+ 47.Kf3 Nxh1 
48.Kg2 e5 49.Kxh1 Kd7 50.Kg2 Ke6 51.Kf3 Kf5 52.h6 e4+ 53.Ke2 Kg6 54.Be3 
Bf8 55.c4 bxc4 56.bxc4 gxh6 57.gxh6 f5 58.c5 Bxc5 59.Bxc5 Kxh6 60.Ke3 Kg6 
61.Kd4 Kf6 62.Kd5 f4 63.a4 a5 64.Bd6 Kf5 65.Be5 1/2-1/2